| 000 | 01039nam a2200265Ia 4500 | ||
|---|---|---|---|
| 003 | GCL | ||
| 008 | 140319s9999 xx 000 0 ara d | ||
| 040 |
_aGCL / _cGCL |
||
| 082 | 0 | 4 |
_a252.2 _bع ص |
| 100 | 1 | _aعبدالله بن محمد الطيار | |
| 245 | 1 | 0 |
_aالصلاة : _bوصف مفصل للصلاة بمقدماتها مقرون بلادليل من الكتاب والنسة ، وبيان لاحكامها وادابها وشروطها وسنتها من التكبير حتى التسليم / _cعبدالله بن محمد الطيار |
| 260 |
_aالرياض : _bجامعة الامام محمد بن سعود ، _c1998 |
||
| 300 |
_a361 ص ؛ _c24 سم |
||
| 490 | _a | ||
| 650 | 0 | 4 | _aصلاة السنة |
| 650 | 0 | 4 | _aصلاة التطوع |
| 650 | 0 | 4 | _aالصلاة |
| 650 | 0 | 4 | _aصلاة الجمعة |
| 650 | 0 | 4 | _aالطهارة |
| 650 | 0 | 4 | _aالوضوء |
| 650 | 0 | 4 | _aالتيمم |
| 650 | 0 | 4 | _aالصلاة - انواعها وشروطها |
| 650 | 0 | 4 | _aصلاة التراويح |
| 942 |
_2ddc _cBK |
||
| 999 |
_c34607 _d34607 |
||